Active optical systems on basis of CuBr lasers with high pulse repetition rates; Atomic and Molecular Pulsed Lasers

Chi tiết về thư mục
Parent link:Atomic and Molecular Pulsed Lasers.— 2009.— P. 67
Tác giả khác: Evtushenko G. S. Gennady Sergeevich, Gubarev F. A. Fedor Aleksandrovich, Sukhanov V. B. Viktor Borisovich, Shiyanov D. V. Dmitry Valeryevich, Torgaev S. N. Stanislav Nikolaevich, Trigub M. V. Maksim Viktorovich
Tóm tắt:В фонде НТБ ТПУ отсутствует
Ngôn ngữ:Tiếng Anh
Được phát hành: 2009
Những chủ đề:
Định dạng: Chương của sách
KOHA link:https://koha.lib.tpu.ru/cgi-bin/koha/opac-detail.pl?biblionumber=600101

MARC

LEADER 00000naa0a2200000 4500
001 600101
005 20250729154857.0
035 |a (RuTPU)RU\TPU\tpu\24315 
035 |a RU\TPU\tpu\24314 
090 |a 600101 
100 |a 20140109d2009 k||y0rusy50 ba 
101 0 |a eng 
102 |a RU 
200 1 |a Active optical systems on basis of CuBr lasers with high pulse repetition rates  |f G. S. Evtushenko [et al.] 
333 |a В фонде НТБ ТПУ отсутствует 
463 |t Atomic and Molecular Pulsed Lasers  |o IX International Conference, September 14-18, 2009, Tomsk, Russia  |v P. 67  |d 2009 
610 1 |a труды учёных ТПУ 
701 1 |a Evtushenko  |b G. S.  |c Doctor of Technical Sciences, Professor of Tomsk Polytechnic University (TPU)  |c Russian specialist in electrophysics  |f 1947-  |g Gennady Sergeevich  |3 (RuTPU)RU\TPU\pers\29009  |9 13729 
701 1 |a Gubarev  |b F. A.  |c specialist in the field of electronics  |c Associate Professor of Tomsk Polytechnic University, Candidate of physical and mathematical sciences  |f 1979-  |g Fedor Aleksandrovich  |3 (RuTPU)RU\TPU\pers\31657  |9 15794 
701 1 |a Sukhanov  |b V. B.  |c specialist in the field of electronics  |c Engineer of Tomsk Polytechnic University  |f 1945-  |g Viktor Borisovich  |3 (RuTPU)RU\TPU\pers\31658 
701 1 |a Shiyanov  |b D. V.  |c specialist in the field of electronics  |c Engineer of Tomsk Polytechnic University  |f 1973-  |g Dmitry Valeryevich  |3 (RuTPU)RU\TPU\pers\31659 
701 1 |a Torgaev  |b S. N.  |c specialist in the field of electronics  |c associate Professor of Tomsk Polytechnic University, candidate of physico-mathematical Sciences  |f 1984-  |g Stanislav Nikolaevich  |3 (RuTPU)RU\TPU\pers\31663  |9 15800 
701 1 |a Trigub  |b M. V.  |c specialist in the field of non-destructive testing  |c Professor of Tomsk Polytechnic University, Doctor of technical sciences  |f 1987-  |g Maksim Viktorovich  |3 (RuTPU)RU\TPU\pers\31242  |9 15437 
801 1 |a RU  |b 63413507  |c 20131226 
801 2 |a RU  |b 63413507  |c 20140424  |g RCR 
850 |a 63413507 
942 |c BK